| 000 | 00404nam a2200133 a 4500 | ||
|---|---|---|---|
| 001 | 000038809 | ||
| 005 | 20201002031359.0 | ||
| 008 | 130425s20uu dr ab 000 0 spa d | ||
| 040 |
_aDO-SdBNP _bspa _cBNPHU |
||
| 245 | 0 | _aGuía de negocios en la República Dominicana. | |
| 260 |
_aSanto Domingo, : _bPellerano & Herrera, _c20uu. |
||
| 300 |
_a107 p. : _bil.,mapas ; _c29 cm. |
||
| 500 | _aTexto a dos columnas | ||
| 999 |
_c38299 _d38299 |
||